000 00326 a2200109 4500
020 _a0851127282
082 _a355.00920 REG
100 _aRegan, Geoffrey
245 _aThe Guinness Book for More Military Blunders
_cGeoffrey Regan
260 _aLahore :
_bService Book Club,
_c1999
300 _a188p. :
_bill ., pics., ;
_c25 cm
650 _aMilitary Blunders
999 _c379
_d379